书目信息 |
| 题名: |
大学物理
|
|
| 作者: | 陆建 , 徐浦 , 许三南 编 | |
| 分册: | 下册 | |
| 出版信息: | 北京 机械工业出版社 2006.01 |
|
| 页数: | 320页 | |
| 开本: | 24cm | |
| 丛书名: | ||
| 单 册: | ||
| 中图分类: | O4 | |
| 科图分类: | ||
| 主题词: | 物理学--wu li xue--高等教育--教材 | |
| 电子资源: | ||
| ISBN: | 7-111-17197-7 | |
| 000 | 00914nam0 2200253 450 | |
| 001 | 012006425512 | |
| 005 | 20060606164240.93 | |
| 010 | @a7-111-17197-7@dCNY26.00 | |
| 100 | @a20060302d2006 km y0chiy0121 ea | |
| 101 | 0 | @achi |
| 102 | @aCN@b110000 | |
| 105 | @aa z 000yy | |
| 200 | 1 | @a大学物理@Ada xue wu li@h下册@f许三南, 陆建, 徐浦编@Fxu san nan,lu jian,xu pu bian |
| 210 | @a北京@c机械工业出版社@d2006.01 | |
| 215 | @a320页@c图@d24cm | |
| 300 | @a普通高等教育基础课规划教材。 | |
| 330 | @a全书共分两册,上册为力学、振动和波、热学、电学;下册为磁学、光学及近代物理学基础。每章后面附有各章提要,每篇后面节选了有关物理学与现代科学技术应用方面的内容,每册书后附有习题答案。 | |
| 606 | 0 | @a物理学@Awu li xue@x高等教育@j教材 |
| 690 | @aO4@v4 | |
| 701 | 0 | @a陆建@Alu jian@4编 |
| 701 | 0 | @a徐浦@Axu pu@4编 |
| 701 | 0 | @a许三南@Axu san nan@4编 |
| 801 | 0 | @aCN@bQSSK@c20060606 |
| 905 | @a10447@dO4@eX89:2 | |
| 大学物理.下册/许三南, 陆建, 徐浦编.-北京:机械工业出版社,2006.01 |
| 320页:图;24cm |
| 普通高等教育基础课规划教材。 |
| ISBN 7-111-17197-7:CNY26.00 |
| 全书共分两册,上册为力学、振动和波、热学、电学;下册为磁学、光学及近代物理学基础。每章后面附有各章提要,每篇后面节选了有关物理学与现代科学技术应用方面的内容,每册书后附有习题答案。 |
| ● |
| 相关链接 |
|
|
|
正题名:大学物理
索取号:O4/X89:2
 
预约/预借
| 序号 | 登录号 | 条形码 | 馆藏地/架位号 | 状态 | 备注 |
| 1 | 553159 | 205531593 | 自科库401/401自科库 55排1列1层/ [索取号:O4/X89:2] | 在馆 | |
| 2 | 553160 | 205531600 | 自科库401/401自科库 55排1列1层/ [索取号:O4/X89:2] | 在馆 | |
| 3 | 553161 | 205531619 | 自科库401/401自科库 55排1列1层/ [索取号:O4/X89:2] | 在馆 | |
| 4 | 606429 | 206064293 | 自科库401/401自科库 55排1列1层/ [索取号:O4/X89:2] | 在馆 | |
| 5 | 606430 | 206064300 | 自科库401/401自科库 55排1列1层/ [索取号:O4/X89:2] | 在馆 |